[Event "Goch op 18th"]
[Site "Goch"]
[Date "2007.10.06"]
[Round "4"]
[White "Der, Josef"]
[Black "Parolin, Thomas"]
[Result "1-0"]
[WhiteElo "1784"]
[BlackElo "1385"]
[PlyCount "81"]
[EventDate "2007.10.04"]
[EventType "swiss"]
[EventRounds "7"]
[EventCountry "GER"]
[SourceTitle "EXT 2011"]
[Source "ChessBase"]
[SourceDate "2010.11.26"]
[SourceVersion "1"]
[SourceVersionDate "2010.11.26"]
[SourceQuality "1"]

1. d4 e6 2. e4 d5 3. e5 c5 4. c3 Ne7 5. Bb5+ Nbc6 6. Nf3 Bd7 7. Bxc6 Nxc6 8. 0-0 Qc7 9. Be3 cxd4 10. cxd4 Be7 11. Nc3 a6 12. Rc1 f6 13. Nh4 0-0 14. Nf3 Be8 15. Qd2 Bh5 16. exf6 Bxf6 17. Bf4 Qd7 18. Ne5 Nxe5 19. dxe5 Bd8 20. Bg3 Ba5 21. Qd4 b5 22. b4 Bd8 23. Ne4 Be7 24. a3 Be2 25. Rfe1 Bc4 26. Nd2 Rab8 27. Nxc4 bxc4 28. Rxc4 Qa4 29. Rc3 Rfc8 30. Rec1 Rxc3 31. Qxc3 h6 32. h3 a5 33. Qc7 Re8 34. Qxa5 Qxa5 35. bxa5 Ra8 36. Rc6 Kf7 37. a6 Bxa3 38. f4 Bb2 39. Bf2 d4 40. Rc7+ Kf8 41. a7 1-0